Československo a Svatý stolec od nepřátelství ke spolupráci (1918-1928) I. Úvodní studie

Bibliographic Details
Main Authors: Pehr, Michal, 1977- (Author), Šebek, Jaroslav, 1970- (Author)
Other Authors: Helan, Pavel, 1972- (Translator), Šmíd, Marek, 1979- (Translator)
Format: Book
Language:Czech
PhysicalDescription:229 s. ilustr., portréty 24 cm
Published: Praha Masarykův ústav Archiv Akademie věd ČR 2012
ISBN:9788086495736
Edition:1. vyd.
Subjects:

MARC

LEADER 00000nam a2200000 a 4500
001 vtls010531418
003 SK-MaSNL
005 20260425232958.0
008 240318s2012 xr oac f 001 0dcze
015 |a SNBZSA2013-001380 
020 |a 9788086495736  |q (viaz.) 
035 |a F3948927-0B74-4660-A15C-57F9AE730558 
035 |a urn:nbn:sk:snk-amlfhu 
035 |a urn:nbn:sk:snk-am008xis 
040 |a SNK  |b slo  |c SNK  |e AACR2 
041 0 |a cze  |b eng 
044 |a xr  |c CZ 
072 7 |a 322  |x Politika a náboženstvo. Vzťahy medzi cirkvou a štátom  |2 konspekt 
080 |a 322:27-67  |2 2001 
080 |a 322  |2 2001 
080 |a 272  |2 2001 
080 |a 341.76  |2 2001 
080 |a 327  |2 2001 
080 |a (437)  |2 2001 
080 |a (456.31)  |2 2001 
080 |a (048.8)  |2 2001 
100 1 |a Pehr, Michal,  |d 1977-  |4 aut  |9 107486 
245 1 0 |a Československo a Svatý stolec  |b od nepřátelství ke spolupráci (1918-1928)  |n I.  |p Úvodní studie  |c Michal Pehr a Jaroslav Šebek ; materiály z vatikánských archivů dodali a přeložili Pavel Helan a Marek Šmíd 
250 |a 1. vyd. 
260 |a Praha  |b Masarykův ústav  |b Archiv Akademie věd ČR  |c 2012 
300 |a 229 s.  |b ilustr., portréty  |c 24 cm 
504 |a Bibliogr.: s. 195-204 ; bibliogr. odkazy ; reg. 
546 |a Res. angl. 
610 2 7 |a Katolícka cirkev  |2 SNKKA  |9 206702 
648 7 |a 1918-1928  |2 SNKPH  |9 309206 
648 7 |a 1918-1930  |2 SNKPH  |9 427317 
650 0 7 |a kresťanstvo a politika  |2 SNKPH  |9 83197 
650 0 7 |a Christianity and politics  |2 SNKPHeng  |9 316939 
650 0 7 |a štát a cirkev  |2 SNKPH  |9 4233 
650 0 7 |a Church and state  |2 SNKPHeng  |9 318079 
650 0 7 |a katolicizmus  |2 SNKPH  |9 4024 
650 0 7 |a Catolicism  |2 SNKPHeng  |9 265753 
650 0 7 |a diplomatické vzťahy  |2 SNKPH  |9 3831 
650 0 7 |a Diplomatic relations  |2 SNKPHeng  |9 267178 
650 0 7 |a zahraničná politika  |2 SNKPH  |9 971 
650 0 7 |a Foreign policy  |2 SNKPHeng  |9 266402 
651 7 |a Československo  |2 SNKPH  |9 21376 
651 7 |a Czechoslovakia  |2 SNKPHeng  |9 265183 
651 7 |a Vatikán  |2 SNKPH  |9 31476 
651 7 |a Vatican City  |2 SNKPHeng  |9 189918 
655 7 |a monografie  |2 SNKPH  |9 70139 
655 7 |a Monographs  |2 SNKPHeng  |9 120675 
700 1 |a Šebek, Jaroslav,  |d 1970-  |4 aut  |9 416108 
700 1 |a Helan, Pavel,  |d 1972-  |4 trl  |9 102161 
700 1 |a Šmíd, Marek,  |d 1979-  |4 trl  |9 227127 
919 |a 978-80-86495-73-6 
958 |a ZS 
958 |a BX 
958 |a NB 
958 |a NT 
958 |a SK 
958 |a CZ 
999 |c 753456  |d 755386 
952 |a SNK  |b SNK  |y PREZ  |7 0  |p 17A1082817  |o snkSC 155964  |i snk2013/20945  |8 4  |g 10.38  |0 0  |1 0  |4 0  |d 2013-07-29  |f 1  |l 0  |r 2025-08-18 00:00:00  |w 2026-02-23 
952 |a SNK  |b SNK  |y VYP  |7 0  |p 17A1084887  |o snkSC 155964 D1  |i snk2013/26555  |8 2  |g 10.38  |0 0  |1 0  |4 0  |d 2013-10-18  |l 0  |r 2026-02-23 23:39:47  |w 2026-02-23